El enigma Kungsholm / (Record no. 184040)

MARC details
000 -LEADER
campo de control de longitud fija 00665nam a2200217 i 4500
001 - NÚMERO DE CONTROL
campo de control 184040
003 - IDENTIFICADOR DE NÚMERO DE CONTROL
campo de control ES-MaACL
005 - FECHA Y HORA DE LA ÚLTIMA TRANSACCIÓN
campo de control 20250909203531.0
008 - DATOS DE LONGITUD FIJA--INFORMACIÓN GENERAL
campo de control de longitud fija 150224s2014 sp |||| | spa d
020 ## - NÚMERO INTERNACIONAL ESTÁNDAR DEL LIBRO
Número Internacional Estándar del Libro 978-84-941800-3-3
080 ## - NÚMERO DE LA CLASIFICACIÓN DECIMAL UNIVERSAL
Número de la Clasificación Decimal Universal 821.134.2-31"19"
100 1# - ENTRADA PRINCIPAL--NOMBRE DE PERSONA
Nombre de persona Yoldi, José (
Fechas asociadas al nombre 1954-)
9 (RLIN) 156438
245 13 - MENCIÓN DEL TÍTULO
Título El enigma Kungsholm /
Mención de responsabilidad, etc. José Yoldi ; [prólogo, Baltasar Garzón Real].
250 ## - MENCION DE EDICION
Mención de edición 1ª ed.
260 ## - PUBLICACIÓN, DISTRIBUCIÓN, ETC.
Lugar de publicación, distribución, etc. Madrid :
Nombre del editor, distribuidor, etc. Mong,
Fecha de publicación, distribución, etc. 2014.
300 ## - DESCRIPCIÓN FÍSICA
Extensión 320 p. ;
Dimensiones 21 cm.
700 1# - ENTRADA AGREGADA--NOMBRE PERSONAL
Nombre de persona Garzón, Baltasar,
Fechas asociadas al nombre 1955-
9 (RLIN) 55817
852 ## - LOCALIZACIÓN
Ubicación ES-MaACL
Número de control de estantería A-13412
itemnumber 191006
Sublocalización o colección R.150283
Ubicación en estantería Depósito 1
Signatura antigua Olim: N-6412
942 ## - ELEMENTOS DE ENTRADA SECUNDARIOS (KOHA)
Fuente del sistema de clasificación o colocación Clasificación decimal universal
Tipo de ítem Koha Libro impreso
Holdings
Estatus retirado Estado de pérdida Fuente del sistema de clasificación o colocación Estado de daño No para préstamo Biblioteca de origen Biblioteca actual Ubicación en estantería Fecha de adquisición Fuente de adquisición Total de préstamos Signatura topográfica completa Código de barras Visto por última vez Precio de reemplazo Tipo de ítem Koha
    Clasificación decimal universal     Biblioteca del Ateneo de Madrid Biblioteca del Ateneo de Madrid Depósito 1 24/02/2015 Donación   A-13412 1193527 23/02/2023 23/02/2023 Libro impreso